[Event "Landesliga U20 Sued 1516"]
[Site "Bayern"]
[Date "2016.02.27"]
[Round "7.3"]
[White "Schroeter, Denys"]
[Black "Klenk, Sofie"]
[Result "0-1"]
[WhiteElo "1138"]
[BlackElo "1676"]
[PlyCount "122"]
[EventDate "2015.11.21"]
[EventType "team-tourn"]
[EventRounds "7"]
[EventCountry "GER"]
[SourceTitle "EXT 2022"]
[Source "ChessBase"]
[SourceDate "2021.10.06"]
[SourceVersion "1"]
[SourceVersionDate "2021.10.06"]
[SourceQuality "1"]
[WhiteTeam "Ebersberg Grafing U20"]
[BlackTeam "Muenchen Tarrasch U20"]
[WhiteTeamCountry "GER"]
[BlackTeamCountry "GER"]

1. e4 c5 2. Nf3 e6 3. d4 cxd4 4. Nxd4 a6 5. Nc3 Qc7 6. Be3 Bb4 7. Bd2 Nf6 8. Qf3 Nc6 9. Nde2 0-0 10. a3 Be7 11. Qg3 Bd6 12. Bf4 Bxf4 13. Nxf4 b5 14. Nh5 Qxg3 15. Nxg3 Bb7 16. Be2 Nd4 17. 0-0-0 e5 18. Rhe1 Rac8 19. Rd3 Rc5 20. f3 g6 21. Bf1 Rfc8 22. Nge2 Rc4 23. Red1 Ne6 24. g3 b4 25. b3 R4c7 26. axb4 Nd4 27. Kb2 d5 28. Nxd4 dxe4 29. fxe4 exd4 30. Nd5 Rxc2+ 31. Kb1 Nxd5 32. exd5 Bxd5 33. Rxd4 Bb7 34. h3 R2c3 35. R4d3 Be4 36. Kb2 Bxd3 37. Bxd3 R3c6 38. Ra1 Rb6 39. Bxa6 Ra8 40. b5 Kf8 41. Ra4 Re8 42. Rc4 Ree6 43. b4 Ke7 44. Kb3 Kd6 45. Rd4+ Ke5 46. Kc4 Red6 47. Kc5 Rxa6 48. bxa6 Rxd4 49. b5 Rd8 50. Kc6 Rc8+ 51. Kb7 Rd8 52. a7 Kd6 53. b6 Kc5 54. Kc7 Re8 55. Kd7 Ra8 56. Kc7 f5 57. h4 h6 58. b7 Rxa7 59. Kc8 Rxb7 60. Kxb7 g5 61. hxg5 hxg5 0-1